What Is Waqf. (Record no. 7109)
[ view plain ]
| 000 -LEADER | |
|---|---|
| fixed length control field | 00582nam a2200241 a 4500 |
| 020 ## - INTERNATIONAL STANDARD BOOK NUMBER | |
| ISBN | |
| 082 00 - DEWEY DECIMAL CLASSIFICATION NUMBER | |
| Classification number | 297.35 |
| Author Cutter | KHA |
| 100 ## - MAIN ENTRY--AUTHOR NAME | |
| Author name | Khan, Imtiaz Ahmad |
| 245 ## - TITLE STATEMENT | |
| Title | What Is Waqf. |
| 260 ## - PUBLICATION, DISTRIBUTION, ETC. (IMPRINT) | |
| Place of publication | Delhi |
| Name of publisher | Idara-I-Adabiyat-I-Dilli |
| Year of publication | 1988 |
| 300 ## - PHYSICAL DESCRIPTION | |
| Number of Pages | 92p |
| 500 ## - GENERAL NOTE | |
| General note | includes index and biblioraphy |
| 505 2# - FORMATTED CONTENTS NOTE | |
| Formatted contents note | Glossary, Bibliography, Index |
| 650 ## - SUBJECT ADDED ENTRY--TOPICAL TERM | |
| Topical Term | Waqf |
| 942 ## - ADDED ENTRY ELEMENTS (KOHA) | |
| Koha item type | Books |
| 700 1# - | |
| -- | Khan, Imtiaz Ahmad |
| Collection code | Home library | Current library | Date acquired | Cost, normal purchase price | Full call number | Accession Number | Koha item type |
|---|---|---|---|---|---|---|---|
| Henry Martyn Institute Library | Henry Martyn Institute Library | 07/31/2007 | 45.00 | 297.35 KHA | 013579 | Books |
